| 000 -LEADER |
| fixed length control field |
02119cam a22003374a 4500 |
| 001 - CONTROL NUMBER |
| control field |
14095977 |
| 005 - DATE AND TIME OF LATEST TRANSACTION |
| control field |
20170124161625.0 |
| 008 - FIXED-LENGTH DATA ELEMENTS--GENERAL INFORMATION |
| fixed length control field |
050902s2006 dcuac b s001 0beng |
| 010 ## - LIBRARY OF CONGRESS CONTROL NUMBER |
| LC control number |
2005025582 |
| 020 ## - INTERNATIONAL STANDARD BOOK NUMBER |
| International Standard Book Number |
0891333983 (hardcover : alk. paper) |
| 020 ## - INTERNATIONAL STANDARD BOOK NUMBER |
| International Standard Book Number |
9780891333982 |
| 035 ## - SYSTEM CONTROL NUMBER |
| System control number |
(OCoLC)ocm61461656 |
| 040 ## - CATALOGING SOURCE |
| Original cataloging agency |
DLC |
| Transcribing agency |
DLC |
| Modifying agency |
C#P |
| -- |
DLC |
| 042 ## - AUTHENTICATION CODE |
| Authentication code |
pcc |
| 043 ## - GEOGRAPHIC AREA CODE |
| Geographic area code |
n-us--- |
| 050 00 - LIBRARY OF CONGRESS CALL NUMBER |
| Classification number |
NS768 |
| Item number |
.F56D63 2006 |
| 100 1# - MAIN ENTRY--PERSONAL NAME |
| Personal name |
Doheny, David A. |
| 245 10 - TITLE STATEMENT |
| Title |
David Finley : |
| Remainder of title |
quiet force for America's arts / |
| Statement of responsibility, etc. |
David A. Doheny. |
| 250 ## - EDITION STATEMENT |
| Edition statement |
1st ed. |
| 260 ## - PUBLICATION, DISTRIBUTION, ETC. (IMPRINT) |
| Place of publication, distribution, etc. |
Washington, D.C. : |
| Name of publisher, distributor, etc. |
National Trust for Historic Preservation ; |
| Place of publication, distribution, etc. |
[Charlottesville] : |
| Name of publisher, distributor, etc. |
Distributed by the University of Virginia Press, |
| Date of publication, distribution, etc. |
c2006. |
| 300 ## - PHYSICAL DESCRIPTION |
| Extent |
vii, 392 p. : |
| Other physical details |
ill. (some col.), ports. (some col.) ; |
| Dimensions |
24 cm. |
| 504 ## - BIBLIOGRAPHY, ETC. NOTE |
| Bibliography, etc |
Includes bibliographical references (p. 373-380) and index. |
| 600 10 - SUBJECT ADDED ENTRY--PERSONAL NAME |
| Personal name |
Finley, David E. |
| Fuller form of name |
(David Edward) |
| 650 #0 - SUBJECT ADDED ENTRY--TOPICAL TERM |
| Topical term or geographic name as entry element |
Arts administrators |
| Geographic subdivision |
United States |
| Form subdivision |
Biography. |
| 856 41 - ELECTRONIC LOCATION AND ACCESS |
| Materials specified |
Table of contents |
| Uniform Resource Identifier |
<a href="http://www.loc.gov/catdir/toc/ecip0518/2005025582.html">http://www.loc.gov/catdir/toc/ecip0518/2005025582.html</a> |
| 942 ## - ADDED ENTRY ELEMENTS (KOHA) |
| Source of classification or shelving scheme |
|
| Koha item type |
Hard Covered Materials |
| Classification part |
NS768 .E56D63 2006 |